[Event "Oviedo op 8th"]
[Site "Oviedo"]
[Date "2022.07.20"]
[Round "6"]
[White "Alvarez Sala Courel, Fernando"]
[Black "Vilarino Lorenzo, Anton"]
[Result "0-1"]
[WhiteElo "1001"]
[BlackElo "1316"]
[PlyCount "88"]
[EventDate "2022.07.17"]
[EventType "swiss"]
[EventRounds "9"]
[EventCountry "ESP"]
[SourceTitle "CBM 209 Extra"]
[Source "ChessBase"]
[SourceDate "2022.09.30"]
[SourceVersion "1"]
[SourceVersionDate "2022.09.30"]
[SourceQuality "1"]

1. e4 c5 2. Nf3 d6 3. d4 cxd4 4. Nxd4 Nf6 5. Nc3 g6 6. f3 Bg7 7. Be3 Nc6 8. a3 Bd7 9. Bb5 a6 10. Bd3 0-0 11. Qd2 Nxd4 12. Bxd4 b5 13. 0-0 Qc7 14. Rac1 Rab8 15. Ne2 a5 16. Be3 b4 17. axb4 Rxb4 18. c3 Rbb8 19. Bf4 Qb6+ 20. Kh1 Qxb2 21. Rc2 Qb6 22. Be3 Qc7 23. Bf4 Nh5 24. Be3 a4 25. g4 Nf6 26. g5 Nh5 27. Bd4 Qa5 28. Bxg7 Nxg7 29. Nf4 e6 30. Ra2 Rfc8 31. Ne2 Rb6 32. Rc1 Bb5 33. Bxb5 Qxb5 34. Nd4 Qa5 35. Qe3 Rcb8 36. Ra3 Ne8 37. Rca1 Rb1+ 38. Rxb1 Rxb1+ 39. Kg2 Nc7 40. Qd3 Rb2+ 41. Kg3 Qxg5+ 42. Kh3 Qh5+ 43. Kg3 Qxh2+ 44. Kg4 Rg2# 0-1

[Event "Oviedo op 8th"]
[Site "Oviedo"]
[Date "2022.07.18"]
[Round "2"]
[White "Vargas, Gabriela"]
[Black "Vilarino Lorenzo, Anton"]
[Result "1-0"]
[WhiteElo "2140"]
[BlackElo "1316"]
[PlyCount "89"]
[EventDate "2022.07.17"]
[EventType "swiss"]
[EventRounds "9"]
[EventCountry "ESP"]
[SourceTitle "CBM 209 Extra"]
[Source "ChessBase"]
[SourceDate "2022.09.30"]
[SourceVersion "1"]
[SourceVersionDate "2022.09.30"]
[SourceQuality "1"]

1. d4 Nf6 2. c4 e6 3. Nf3 Bb4+ 4. Bd2 Bxd2+ 5. Qxd2 0-0 6. Nc3 c5 7. e3 Nc6 8. Bd3 d6 9. h3 Qb6 10. 0-0 Kh8 11. Na4 Qb4 12. Qxb4 Nxb4 13. Be2 b6 14. dxc5 dxc5 15. Ne5 Nd7 16. Nf3 Rd8 17. Rfd1 Bb7 18. a3 Nc6 19. Rd6 Nf6 20. Rad1 Rxd6 21. Rxd6 Rd8 22. Ne5 Kg8 23. Rxc6 Bxc6 24. Nxc6 Rd2 25. Bf3 a6 26. Kf1 Rc2 27. Ke1 Nd7 28. Be2 Rc1+ 29. Kd2 Rg1 30. g3 Rh1 31. h4 Rh2 32. Ke1 Rh1+ 33. Bf1 b5 34. cxb5 axb5 35. Nc3 b4 36. axb4 cxb4 37. Nxb4 Ne5 38. Ke2 Nc4 39. Nd3 Kf8 40. b4 Nb6 41. Ne1 Ke7 42. Bg2 Rg1 43. f3 Kd6 44. Kf2 Rxg2+ 45. Kxg2 1-0

[Event "Padron Pre-Mundial U12"]
[Site "Padron"]
[Date "2018.09.04"]
[Round "3"]
[White "Vilarino Lorenzo, Anton"]
[Black "Abana Martin, Hugo"]
[Result "1-0"]
[WhiteElo "1028"]
[BlackElo "1212"]
[PlyCount "131"]
[EventDate "2018.09.03"]
[EventType "swiss"]
[EventRounds "9"]
[EventCountry "ESP"]
[SourceTitle "EXT 2024"]
[Source "ChessBase"]
[SourceDate "2023.10.10"]
[SourceVersion "1"]
[SourceVersionDate "2023.10.10"]
[SourceQuality "1"]

1. e4 c5 2. Nc3 a6 3. a4 e6 4. Bc4 Nf6 5. f4 b6 6. d3 Bb7 7. Nf3 Be7 8. 0-0 0-0 9. Qe1 d5 10. Bb3 d4 11. Ne2 b5 12. c3 dxc3 13. Qxc3 b4 14. Qc4 Nc6 15. Be3 Na5 16. Qc2 Ng4 17. Bf2 Nxf2 18. Rxf2 Nxb3 19. Qxb3 a5 20. Qc2 Ba6 21. d4 Rc8 22. Qd2 cxd4 23. Nexd4 Bc5 24. Kh1 b3 25. Rd1 Bb4 26. Qe3 Bc5 27. Qd2 Re8 28. Qe3 Re7 29. Qxb3 Rd7 30. Rfd2 Bb4 31. Rc2 Rxc2 32. Qxc2 g6 33. Qf2 g5 34. fxg5 Bc5 35. Rd2 e5 36. Nc6 Bxf2 37. Nxd8 Rc7 38. Rxf2 Bd3 39. h3 Bxe4 40. Nxe5 Kg7 41. Rxf7+ Kg8 42. Rxc7 h5 43. gxh6 Bh7 44. Rxh7 Kxh7 45. g4 Kxh6 46. h4 Kh7 47. g5 Kg7 48. Ndf7 Kh7 49. g6+ Kg7 50. h5 Kg8 51. h6 Kf8 52. h7 Ke7 53. h8R Ke6 54. g7 Kd5 55. g8Q Kc5 56. Rh4 Kd5 57. Qd8+ Ke6 58. Rh6+ Kf5 59. Qf6+ Ke4 60. Nd7 Kd3 61. Rh4 Kc2 62. Qc3+ Kb1 63. b3 Ka2 64. b4 axb4 65. Rh2+ Kb1 66. Qe1# 1-0

[Event "Padron Pre-Mundial U12"]
[Site "Padron"]
[Date "2018.09.03"]
[Round "1.5"]
[White "Vilarino Lorenzo, Anton"]
[Black "Alba Vazquez, Sergio"]
[Result "1-0"]
[WhiteElo "1028"]
[BlackElo "1466"]
[PlyCount "137"]
[EventDate "2018.09.03"]
[EventType "swiss"]
[EventRounds "9"]
[EventCountry "ESP"]
[SourceTitle "EXT 2024"]
[Source "ChessBase"]
[SourceDate "2023.10.10"]
[SourceVersion "1"]
[SourceVersionDate "2023.10.10"]
[SourceQuality "1"]

1. e4 e5 2. Nf3 Nc6 3. d4 d6 4. dxe5 dxe5 5. Qxd8+ Nxd8 6. Nxe5 Nf6 7. Nc3 Bb4 8. Bd3 0-0 9. 0-0 Ne6 10. Nd5 Nxd5 11. exd5 Nf4 12. Bxf4 Bd6 13. Rfe1 f6 14. Ng6 hxg6 15. Bxd6 cxd6 16. Bxg6 Bd7 17. Re7 Be8 18. Bxe8 Rfxe8 19. Rxb7 Re2 20. Rc7 Rd2 21. c4 Rb8 22. b3 Rb2 23. Rxa7 Re8 24. Rf1 Rbe2 25. h3 Rd2 26. Kh2 Ree2 27. Kg3 Rxa2 28. Rxa2 Rxa2 29. Rb1 Ra3 30. Kf4 Kf7 31. Ke4 g6 32. g4 Ra2 33. Ke3 Rc2 34. Rd1 Rc3+ 35. Rd3 Rc1 36. Kd2 Rf1 37. Rf3 Ra1 38. Kc3 Ra3 39. Kb4 Ra7 40. Kb5 Rc7 41. Kb6 Rc5 42. Rc3 Ke7 43. b4 Rc8 44. c5 Kd7 45. c6+ Kd8 46. c7+ Kd7 47. Kb7 g5 48. b5 f5 49. gxf5 g4 50. hxg4 Rf8 51. c8Q+ Rxc8 52. Rxc8 Ke7 53. Rc7+ Kf6 54. f3 Ke5 55. Rc3 Kxd5 56. f6 Ke6 57. Rd3 d5 58. Rxd5 Kxd5 59. f7 Kd4 60. f8Q Ke3 61. Qf5 Kf2 62. Qe4 Kg3 63. Kc6 Kh4 64. Qf4 Kh3 65. Kd5 Kh4 66. Ke4 Kh3 67. Ke3 Kh4 68. Kf2 Kh3 69. Qg3# 1-0

[Event "Pontevedra op-B 6th"]
[Site "Pontevedra"]
[Date "2018.08.14"]
[Round "9"]
[White "Fernandez Rodriguez, Olaya"]
[Black "Vilarino Lorenzo, Anton"]
[Result "1/2-1/2"]
[WhiteElo "1080"]
[BlackElo "1021"]
[PlyCount "103"]
[EventDate "2018.08.08"]
[EventType "swiss"]
[EventRounds "9"]
[EventCountry "ESP"]
[SourceTitle "CBM 186 Extra"]
[Source "ChessBase"]
[SourceDate "2018.08.24"]
[SourceVersion "1"]
[SourceVersionDate "2018.08.24"]
[SourceQuality "1"]

1. d4 Nf6 2. Bf4 g6 3. e3 Bg7 4. Nf3 d6 5. c4 0-0 6. h3 Na6 7. Nbd2 c5 8. Be2 Bd7 9. 0-0 Qb6 10. Nb3 e6 11. Rb1 Ne4 12. Nfd2 Nxd2 13. Qxd2 Rad8 14. Bf3 e5 15. Bh2 exd4 16. exd4 cxd4 17. Rfd1 Bf5 18. Ra1 d3 19. Rab1 Rd7 20. Nc1 Qd4 21. Nxd3 Qxc4 22. Ra1 Bxd3 23. Qxd3 Qxd3 24. Rxd3 Bxb2 25. Rb1 Nc5 26. Rd2 Be5 27. Bxe5 dxe5 28. Rxd7 Nxd7 29. Rxb7 Nf6 30. Rxa7 Rb8 31. Kh2 Rb2 32. Ra8+ Kg7 33. Kg3 Nh5+ 34. Bxh5 gxh5 35. a4 Ra2 36. a5 Ra4 37. a6 Kf6 38. Rh8 Rxa6 39. Rxh7 Kg6 40. Rh8 Kg5 41. h4+ Kg6 42. Rg8+ Kh7 43. Rg5 Rg6 44. f4 f6 45. Rxg6 Kxg6 46. fxe5 fxe5 47. Kf3 Kf5 48. Kg3 e4 49. Kf2 Kg4 50. g3 e3+ 51. Kxe3 Kxg3 52. Ke2 1/2-1/2

[Event "Pontevedra op-B 6th"]
[Site "Pontevedra"]
[Date "2018.08.13"]
[Round "8"]
[White "Vilarino Lorenzo, Anton"]
[Black "Dieguez Novoa, Pura"]
[Result "0-1"]
[WhiteElo "1021"]
[BlackElo "1236"]
[PlyCount "84"]
[EventDate "2018.08.08"]
[EventType "swiss"]
[EventRounds "9"]
[EventCountry "ESP"]
[SourceTitle "CBM 186 Extra"]
[Source "ChessBase"]
[SourceDate "2018.08.24"]
[SourceVersion "1"]
[SourceVersionDate "2018.08.24"]
[SourceQuality "1"]

1. e4 c5 2. Bc4 e6 3. Nc3 Nc6 4. f4 d5 5. exd5 exd5 6. Bxd5 Nf6 7. Bb3 Be7 8. Nf3 0-0 9. d3 Re8 10. 0-0 Bg4 11. Be3 Bd6 12. Qd2 Qc7 13. Nb5 Qd7 14. Nxd6 Qxd6 15. Qf2 b6 16. Rad1 Bxf3 17. Qxf3 Nd4 18. Bxd4 Qxd4+ 19. Kh1 Qxb2 20. Rfe1 h6 21. Rxe8+ Rxe8 22. Qb7 Rf8 23. Qxa7 Ng4 24. Rf1 Qf6 25. h3 Ne5 26. Qc7 Ng6 27. a4 Nh4 28. a5 Qg6 29. Bd5 Nf5 30. Be4 bxa5 31. Bxf5 Qxf5 32. Qxa5 Re8 33. Qb5 Re2 34. Qb8+ Kh7 35. Rc1 Qd5 36. Rg1 Rxc2 37. Qb5 Rf2 38. Qb1 g6 39. Qc1 Qxd3 40. Qxc5 Rxf4 41. Qe5 Rh4 42. Qf6 Rxh3+ 0-1